WWAFAWDWG GUESS THE SONG - Statistics

General Stats
  • This quiz has been taken 13 times
  • The average score is 8 of 14
Answer Stats
Hint Answer % Correct
The world's a little blurry ilomilo
70%
I wish we never learned how to fly i love you
60%
Turnin' blue listen before i go
60%
But nothin' is better sometimes when the party's over
60%
I'm so selfish wish you were gay
60%
On designated drives home xanny
60%
Do you even feel anything? 8
50%
Pearly gates look more like a picket fence all the good girls go to hell
50%
She'll pity the men I know bad guy
50%
Am I satisfactory? bury a friend
50%
I'm the bad guy goodbye
50%
To be talking to you, belladonna my strange addiction
50%
Fell for these ocean eyes you should see me in a crown
50%
This is the album !!!!!!!
30%
No matching quizzes found
Score Distribution
Percent of People with Each Score
Percentile by Number Answered
Your Score History
You have not taken this quiz